000 01247nam a22003615a 4500
999 _c26847
_d26819
001 018556789
005 20180920142013.0
008 171013t2018 enka frbd 001 0 eng d
015 _aGBB7J5616
_2bnb
016 7 _a018556789
_2Uk
020 _a9781473749504 (pbk.)
040 _aStDuBDS
_beng
_cStDuBDS
_dEG-ScBUE
082 0 4 _a330
_bMAN
_222
100 1 _aMankiw, N. Gregory.
245 1 0 _aPrinciples of economics /
_cN. Gregory Mankiw, Mohamed H. Rashwan.
_bArab world.
250 _a3rd ed., Arab world ed.
260 _aHampshire :
_bCengage Learning EMEA,
_cc.2018.
263 _a201712
300 _axviii, 683 p. :
_bill. ;
_c28 cm.
500 _aIncludes glossary.
504 _aIncludes bibliographical references and index.
650 7 _aEconomics.
_2BUEsh
650 7 _aEconomics
_vCase studies.
_2BUEsh
650 7 _aEconomics
_xReligious aspects
_xIslam.
_2BUEsh
_933913
650 7 _aEconomics
_xReligious aspects
_xIslam
_vCase studies.
_2BUEsh
650 7 _aFinance
_xReligious aspects
_xIslam.
_2BUEsh
_928658
650 7 _aFinance
_xReligious aspects
_xIslam
_vCase studies.
_2BUEsh
651 _2BUEsh
653 _bBUSECO
_cSeptember2018
655 _vReading book
700 1 _aRashwan, Mohamed H.
_931028
942 _2ddc